00420nam a2200181Ia 4500003000900000008004100009040001300050040001300063041000800076100001600084245007100100250001000171260002100181260000900202300001100211300001000222490000600232IT-RoPAU120407s9999 xx 000 0 und d aIT-RoPAU cIT-RoPAU aita aTecla Merlo a"Un cuor solo un’anima sola. Conferenze-meditazioni 1954- 1963." aRoma  aEdizioni Paoline c1993 a765 p. c21 cm v1